Daňová kontrola - práva a povinnosti účtovnej jednotky diplomová práca

Saved in:
Bibliographic Details
Main Author: Turčanová, Tímea
Corporate Author: Fakulta hospodárskej informatiky EU. Katedra účtovníctva a audítorstva
Other Authors: Kubaščíková, Zuzana, 1982-
Format: Book
Language:Slovak
Published: Bratislava 2019
Tags: Add Tag
No Tags, Be the first to tag this record!

MARC

LEADER 00000nbm a2200000 4500
001 0254202
005 20200113081719.6
041 0 |a slo 
044 |a SK 
245 1 0 |a Daňová kontrola - práva a povinnosti účtovnej jednotky  |b diplomová práca  |c Tímea Turčanová ; školiteľ: Zuzana Kubaščíková 
264 1 |a Bratislava  |c 2019 
300 |a 73 s. 
100 1 |a Turčanová, Tímea 
700 1 |a Kubaščíková, Zuzana, 1982- 
710 2 |a Fakulta hospodárskej informatiky EU. Katedra účtovníctva a audítorstva